| 000 | 00385nam a2200145Ia 4500 | ||
|---|---|---|---|
| 999 |
_c19387 _d19387 |
||
| 082 | _aTP.0025 | ||
| 100 | _aPathak, Vasudeo Pundalik | ||
| 245 | 0 | _aRole of communication in family welfare | |
| 260 |
_c1986 _bUniversity of Pune |
||
| 300 | _av.p. + C D - 47 | ||
| 650 | _aCOMMUNICATION IN FAMILY PLANNING | ||
| 650 | _aFAMILY PLANNING | ||
| 710 | _aMutatkar, R.K. | ||
| 942 |
_cTH _2ddc |
||